000 00441nam a22001697a 4500
003 OSt
005 20160823183737.0
008 160823b xxu||||| |||| 00| 0 eng d
020 _a1-932409-47-5
040 _cLIC
082 _22005
_aDC 512
_bB76
245 _aBridge to algebra.
260 _aPittsburgh, PA:
_bCarnegie Learning,
_cc2005.
300 _axii, 100 pages:
_billustrations;
_c27 cm.
650 0 _913572
_aAlgebra
942 _2ddc
_cDC
999 _c4077
_d4077